Komunitné centrum

Saved in:
Bibliographic Details
Main Author: Škrabáková, Andrea (Author)
Other Authors: Jamnický, Martin (Thesis advisor)
Format: Manuscript Book
Language:Slovak
Published: 2019
Subjects:
Online Access:http://is.stuba.sk/zp/portal_zp.pl?podrobnosti=145184
https://opac.crzp.sk/?fn=detailBiblioForm&sid=9F8942B94996237AAEF81BF666DC
Tags: Add Tag
No Tags, Be the first to tag this record!

MARC

LEADER 00000ntm a22000003a 4500
001 stuzp73321
003 SK-STU
005 20230609132606.5
007 ta
008 150427s2015----xo-----f-mn---000-0-slo-d
040 |a STU  |b slo 
041 0 |a slo 
100 1 |a Škrabáková, Andrea  |u 010180  |k Z4  |4 aut  |U SvF Stavebná fakulta  |T SvF Katedra konštrukcií pozemných stavieb  |X 63205  |U V180  |Y 18  |7 63205 
242 0 1 |a Community Center  |y eng 
245 1 0 |a Komunitné centrum 
260 |c 2019 
650 4 |a realizačný projekt  |2 slo 
650 4 |a komunitné centrum s knižnicou  |2 slo 
650 4 |a občianska budova  |2 slo 
650 4 |a realization project  |2 eng 
650 4 |a civil building  |2 eng 
650 4 |a community center  |2 eng 
700 1 |a Jamnický, Martin  |u 010180  |k Z1  |4 ths  |U SvF Stavebná fakulta  |T SvF Katedra konštrukcií pozemných stavieb  |X 4052  |U V180  |Y 18  |7 A000004052 
856 4 |u http://is.stuba.sk/zp/portal_zp.pl?podrobnosti=145184 
856 4 |u https://opac.crzp.sk/?fn=detailBiblioForm&sid=9F8942B94996237AAEF81BF666DC